000 00294nam a2200145Ia 4500
100 _aRamachandran/Vilayanur
942 _cBK
366 _f20
245 _aThe emerging mind
260 _bViva
_c2004
082 _a611.8
_bRAM
300 _a208
546 _aENGLISH
_cComputers
999 _c34338
_d34338